| 000 | 01203cam a2200157 4500500 | ||
|---|---|---|---|
| 005 | 20260322001933.0 | ||
| 041 | _afre | ||
| 042 | _adc | ||
| 100 | 1 | 0 |
_aStrauss, Ze’ev _eauthor |
| 245 | 0 | 0 | _aThe Spirit of Contradiction: Rabbinic Wisdom, Ecclesiastes, and the Pursuit of Jewish Emancipation |
| 260 | _c2025. | ||
| 500 | _a72 | ||
| 520 | _aThe study examines the pedagogical and exegetical perspectives of Mendelssohn and Friedländer within Jewish Enlightenment thought, bringing their similar approaches to biblical and rabbinic sources into sharper focus. Taking Mendelssohn’s commentary on Ecclesiastes and its German translation by Friedländer as its point of departure, it shows how their works seek to promote a dialectical, universal-ethical consciousness in Jewish youth that aligns with Enlightenment ideals. It further explores Friedländer’s selective reading of rabbinic sources to advocate for Jewish emancipation, particularly with regard to women’s roles in tradition. | ||
| 786 | 0 | _nArchives de philosophie | 88 | 3 | 2025-07-11 | p. 111-135 | 0003-9632 | |
| 856 | 4 | 1 | _uhttps://shs.cairn.info/journal-archives-de-philosophie-2025-3-page-111?lang=en&redirect-ssocas=7080 |
| 999 |
_c1719114 _d1719114 |
||